000 00598nas a2200217 4500
001 BR9403551
003 BR-BrBNA
005 20231205093653.0
007 ta
008 230509b bl.|||p| |||| 00| 00por d
040 _aBR-BrBNA
_bpor
_cBiblioteca Nacional de Agricultura
041 _a(Pt)
072 _aF06
100 1 _aAnon.
245 1 _aAguas pluviais. Destino certo
650 _aAguas Pluviais
650 _aIrrigacao
773 0 _tGlobo Rural (Brazil)
_xISSN 0102-6178
_g(Jul 1994), v. 9(105) p. 21-23
_wBR9403551
909 _a202311
_bLúcia
_c55
_dLúcia Elande
942 _2AGRIS
_n0
_cANA
999 _c139782
_d139782